000 00330nam a2200145Ia 4500
008 230312s9999||||xx |||||||||||||| ||und||
020 _a1-119-05948-6
082 _a005.247
_bCHA-A
100 _aCoalson;Nat
245 0 _aLightRoom
260 _bWiley
_aUSA
_c2015
300 _a341
650 _aComputer
_vComputer
942 _cBK
999 _c15250
_d15250